| 000 -ლიდერი |
| ფიქსირებული სიგრძის საკონტროლო ველი |
01410nam a2200241Ia 4500 |
| 001 - საკონტროლო ნომერი |
| საკონტროლო ველი |
23139 |
| 003 - საკონტროლო ნომრის იდენტიფიკატორი |
| საკონტროლო ველი |
GE_BSU |
| 005 - ბოლო ოპერაციის თარიღი და დრო |
| საკონტროლო ველი |
20230716144520.0 |
| 008 - ფიქსირებული სიგრძის მონაცემთა ელემენტები - ზოგადი ინფორმაცია |
| ფიქსირებული სიგრძის საკონტროლო ველი |
181216s1984||||ge |||||||||||||| ||geo|| |
| 040 ## - კატალოგიზაციის წყარო |
| Transcribing agency |
GE_BSU |
| 041 ## - ენის კოდი |
| Language code of text/sound track or separate title |
geo |
| 080 ## - უნივერსალური ათობითი კლასიფიკაციის ინდექსი |
| Universal Decimal Classification number |
821.111(417)-32 ჯ-66 |
| 100 ## - მთავარი ჩანაწერი - პიროვნების სახელი |
| Personal name |
ჯოისი, ჯეიმზ |
| 9 (RLIN) |
1371 |
| 245 ## - ცნობა სათაურის შესახებ |
| Title |
დუბლინელები : |
| Remainder of title |
მოთხრობები / |
| Statement of responsibility, etc |
ჯეიმზ ჯიოსი ; ინგ. თარგმნა ლ. იმერლიშვილმა ; საქ. სსრ მწერალთა კავშირთა არსებული მხატვ. თარგმანისა და ლიტ. ურთიერთობათა მთ. სარედ. კოლეგია. |
| 264 ## - წარმოების, გამოცემის, დისტრიბუციის და სხვა ცნობები |
| გამოცემის, წარმოების, დისტრიბუციის... ადგილი |
თბილისი : |
| გამოცემის, წარმოების, დისტრიბუციის... სახელწოდება |
საბჭ. საქართველო, |
| გამოცემის, წარმოების, დისტრიბუციის... თარიღი |
1984. |
| 300 ## - ფიზიკური აღწერა |
| Extent |
207 გვ. ; |
| Dimensions |
20 სმ. |
| 653 ## - INDEX TERM--UNCONTROLLED |
| Uncontrolled term |
დუბლინელები |
| 653 ## - INDEX TERM--UNCONTROLLED |
| Uncontrolled term |
მოთხრობები |
| 700 ## - ADDED ENTRY--PERSONAL NAME |
| Personal name |
იმერლიშვილი, ლ. |
| Relator term |
მთარგმნელი |
| 9 (RLIN) |
19049 |
| 710 ## - ADDED ENTRY--CORPORATE NAME |
| Corporate name or jurisdiction name as entry element |
საქ. სსრ მწერალთა კავშირთა არსებული მხატვ. თარგმანისა და ლიტ. ურთიერთობათა მთ. სარედ. კოლეგია. |
| 9 (RLIN) |
19359 |
| 942 ## - ADDED ENTRY ELEMENTS (KOHA) |
| Koha item type |
წიგნი |
| Source of classification or shelving scheme |
|